000 00218nam a22000977a 4500
999 _c15843
_d15843
003 OSt
008 191022b ||||| |||| 00| 0 eng d
100 _aParappurath
_94341
245 _aAnweshichu kandethiyilla
942 _cBK